Statistics for Nations in the Arab League

Click here to take the quiz!

General Stats

  • This quiz has been taken 42 times
  • The average score is 20 of 22

Answer Stats

Country% Correct
Egypt
100%
Oman
100%
Saudi Arabia
100%
United Arab Emirates
100%
Algeria
98%
Iraq
98%
Lebanon
98%
Libya
98%
Bahrain
95%
Morocco
95%
Qatar
95%
Sudan
95%
Syria
95%
Tunisia
95%
Yemen
95%
Kuwait
93%
Jordan
90%
Somalia
83%
Mauritania
79%
Djibouti
71%
Palestine
60%
Comoros
57%

Score Distribution

Percentile by Number Answered

Percent of People with Each Score

Your Score History

You have not taken this quiz